000 00998nam0a22002411i 4500
001 rc\1073041
005 20240723220600.0
035 _a(NLR Aleph) 006232787
090 _a6589879
_c6589879
100 _a20041129d1980 u |0rusy50 ca
101 0 _arus
102 _aRU
105 _aa |||||||||
200 1 _aИсследование дисперсно-кольцевого пароводяного потока высокого давления
_e(Гидродинам. характеристики)
_eАвтореф. дис. на соиск. учен. степ. канд. техн. наук
_e(01.04.14)
210 _aМ.
_d1980
215 _a19 с.
_cграф.
300 _aВ надзаг.: Ин-т атом. энергии им. И.В. Курчатова
320 _aБиблиогр.: с. 15 (5 назв.)
700 1 _aШумский
_bР.В.
_gРейнольд Владимирович
801 0 _aRU
_bNLR
_gpsbo
801 1 _aRU
_bELAR
_2rusmarc
852 _aNLR
_j81-4/18675
942 _cBOOK